000 00583nam a2200205Ia 4500
005 20260429112048.0
008 260429s9999||||xx |||||||||||||| ||und||
020 _a9781071628492
041 _aEnglish
082 _a572.86
_bSIM
100 _aSimoes-Costa, Marcos
245 0 _aDNA-protein interactions :
_bmethods and protocols /
_cMarcos Simoes-Costa
250 _a1st ed.
260 _aNew York :
_bHumana Press,
_c2023.
300 _ax, 284 p.; pbk
650 _a Laboratory methods
650 _a Molecular biology
650 _aDNA-protein interactions
942 _cTB
999 _c52151
_d52151